| 000 | 00377nam a22001217a 4500 | ||
|---|---|---|---|
| 999 |
_c3537 _d3537 |
||
| 005 | 20201207144814.0 | ||
| 008 | 201207b ||||| |||| 00| 0 eng d | ||
| 020 | _a0237499231 | ||
| 040 | _cCML | ||
| 245 |
_aA New Introduction to Education Psychology. _cDurojaiye M.O.A. |
||
| 260 |
_aLondon _bEvans brothers. _c1976 |
||
| 942 |
_2ddc _cBK _e1st edition _h300.01 _mDUR |
||